000 00431nam a2200157Ia 4500
003 GCL
008 140319s9999 xx 000 0 ara d
040 _aGCL /
_cGCL
082 0 4 _aافلام ت
_b32
245 1 0 _aالاثار ومصادرها الاصلية
260 _a[S.N] :
_bهيئة الاثار المصرية
490 _a
650 0 4 _aشرائط فيديو
650 0 4 _aافلام تسجيلية
942 _2ddc
_cBK
999 _c36659
_d36659